000 00445nam a2200181Ia 4500
001 18749
005 20260306171653.0
008 260306s9999||||xx |||||||||||||| ||und||
041 _aESP
082 _a658.5
_bCH526B
100 _aChase, Ricard B.
_eAUT
245 0 _aAdministración de operaciones:
_bproducción y cadena de suministros
260 _c2009
300 _a
_c
650 _aGEN
654 _aCAN
942 _cLIB
_dJUS
_fJUS
_2ddc
_n
999 _c18749
_d18749